| 000 | 00548nam a2200217Ia 4500 | ||
|---|---|---|---|
| 003 | OSt | ||
| 005 | 20230504163222.0 | ||
| 008 | 210423s2021 xx 000 0 und d | ||
| 020 | _a978-1-138-64441-0 | ||
| 040 | _cAL | ||
| 041 | _aeng | ||
| 082 |
_a302.2301 _223 _bJONL |
||
| 100 |
_aJONES (Rodney H);JAWORSKA (Sylvia);ASLAN (Erhan) _997994 |
||
| 245 | _aLanguage and media Ed 2 | ||
| 250 | _a2 | ||
| 260 |
_aNew York _bRoutledge _c2021 |
||
| 300 |
_ax,301 _bPB |
||
| 365 |
_b3434.26 _cINR |
||
| 906 | _aLanguage ; media | ||
| 942 |
_2ddc _cBK |
||
| 999 |
_c170927 _d170927 |
||